[Event "Gibraltar Masters 13th"]
[Site "Caleta"]
[Date "2015.02.04"]
[Round "9"]
[White "Santos Ruiz, Miguel"]
[Black "Kim, Yongjoo"]
[Result "1-0"]
[WhiteElo "2310"]
[BlackElo "1903"]
[PlyCount "39"]
[EventDate "2015.01.27"]
[EventType "swiss"]
[EventRounds "10"]
[EventCountry "GGB"]
[SourceTitle "CBM 165"]
[Source "ChessBase"]
[SourceDate "2015.03.11"]
[SourceVersion "1"]
[SourceVersionDate "2015.03.11"]
[SourceQuality "1"]

1. Nf3 Nf6 2. c4 c6 3. e3 d5 4. Nc3 e6 5. b3 Bd6 6. Bb2 0-0 7. Qc2 Nbd7 8. Rg1 dxc4 9. bxc4 b6 10. g4 Bb7 11. g5 Ne8 12. Bd3 g6 13. Ne4 Be7 14. h4 f5 15. gxf6 Nexf6 16. Neg5 b5 17. h5 h6 18. Nh3 g5 19. Nfxg5 Nxh5 20. Nxe6+ 1-0

[Event "Gibraltar Masters 13th"]
[Site "Caleta"]
[Date "2015.02.03"]
[Round "8"]
[White "Kim, Yongjoo"]
[Black "Kovacs, Klara"]
[Result "1-0"]
[WhiteElo "1903"]
[BlackElo "2145"]
[PlyCount "59"]
[EventDate "2015.01.27"]
[EventType "swiss"]
[EventRounds "10"]
[EventCountry "GGB"]
[SourceTitle "CBM 165"]
[Source "ChessBase"]
[SourceDate "2015.03.11"]
[SourceVersion "1"]
[SourceVersionDate "2015.03.11"]
[SourceQuality "1"]

1. d4 e6 2. c4 Nf6 3. Nc3 Bb4 4. Qc2 d5 5. a3 Bxc3+ 6. Qxc3 Ne4 7. Qc2 c5 8. dxc5 Nd7 9. e3 a5 10. cxd5 exd5 11. Bb5 Qg5 12. f3 Nexc5 13. Nh3 Qh4+ 14. Nf2 0-0 15. 0-0 a4 16. Bd2 Nb3 17. Rad1 d4 18. Bb4 Re8 19. Ne4 Qh6 20. Qc7 dxe3 21. Rfe1 Qh4 22. Rxe3 Kh8 23. Red3 f5 24. Nd6 Re2 25. Qd8+ Qxd8 26. Nf7+ Kg8 27. Nxd8 Ne5 28. Rd5 Nxf3+ 29. gxf3 Rxb2 30. Bc4 1-0

[Event "Gibraltar Masters 13th"]
[Site "Caleta"]
[Date "2015.02.02"]
[Round "7"]
[White "Byrn, Carsten"]
[Black "Kim, Yongjoo"]
[Result "0-1"]
[WhiteElo "2044"]
[BlackElo "1903"]
[PlyCount "58"]
[EventDate "2015.01.27"]
[EventType "swiss"]
[EventRounds "10"]
[EventCountry "GGB"]
[SourceTitle "CBM 165"]
[Source "ChessBase"]
[SourceDate "2015.03.11"]
[SourceVersion "1"]
[SourceVersionDate "2015.03.11"]
[SourceQuality "1"]

1. d4 d5 2. c4 c6 3. Nf3 Nf6 4. Nc3 dxc4 5. a4 Bf5 6. Ne5 Nbd7 7. Nxc4 Nb6 8. Ne5 a5 9. f3 Nfd7 10. Nd3 Bxd3 11. Qxd3 e5 12. Be3 Bd6 13. g3 0-0 14. Bh3 Qe7 15. 0-0 exd4 16. Bxd4 Bc5 17. Rfd1 Bxd4+ 18. Qxd4 Nc5 19. Bf5 Rfd8 20. Qf2 Nc4 21. e4 g6 22. Bh3 Nd3 23. Rxd3 Rxd3 24. Bf1 Rd2 25. Qe1 Qc5+ 26. Kh1 Rad8 27. Rd1 Rxd1 28. Nxd1 Qd4 29. Nc3 Nxb2 0-1

[Event "Gibraltar Masters 13th"]
[Site "Caleta"]
[Date "2015.01.27"]
[Round "1"]
[White "Zude, Arno"]
[Black "Kim, Yongjoo"]
[Result "1-0"]
[WhiteElo "2377"]
[BlackElo "1903"]
[PlyCount "65"]
[EventDate "2015.01.27"]
[EventType "swiss"]
[EventRounds "10"]
[EventCountry "GGB"]
[SourceTitle "CBM 165"]
[Source "ChessBase"]
[SourceDate "2015.03.11"]
[SourceVersion "1"]
[SourceVersionDate "2015.03.11"]
[SourceQuality "1"]

1. e4 c6 2. d4 d5 3. exd5 cxd5 4. c4 Nf6 5. Nc3 Nc6 6. Bg5 e6 7. Nf3 Be7 8. c5 0-0 9. Bb5 Ne4 10. Bxe7 Nxe7 11. Rc1 Bd7 12. Bd3 f5 13. 0-0 Nc6 14. Bb5 Ne7 15. Bxd7 Qxd7 16. Ne5 Qe8 17. f3 Nxc3 18. Rxc3 Ng6 19. Re1 Nxe5 20. Rxe5 b6 21. c6 Rc8 22. Qc2 Rf7 23. b4 b5 24. Re1 Rfc7 25. Rc1 g5 26. Rc5 a6 27. a4 Kf7 28. h3 h5 29. axb5 axb5 30. Qd2 Kg6 31. Qd3 Rxc6 32. Qxb5 Rxc5 33. Qxe8+ 1-0